000 00310nam a22001457a 4500
008 230921b ||||| |||| 00| 0 eng d
020 _a9780878937479
041 _aeng
080 _a616.8
082 _a616.8PUR
100 _a11
101 _aNEURO
245 _aNEUROSCIENCE
_cPURVES.D
942 _2udc
_cBK
999 _c60389
_d60389